ՀՀ Գիտությունների ազգային ակադեմիայի հիմնարար գիտական գրադարան  =   Fundamental Scientific Library of NAS RA

Առատության ճանապարհին : (Record no. 99200)

MARC details
000 -LEADER
fixed length control field 00795nam a2200205 u 4500
001 - CONTROL NUMBER
control field 000273219
003 - CONTROL NUMBER IDENTIFIER
control field AM-YeHGA
005 - DATE AND TIME OF LATEST TRANSACTION
control field 20250618071811.0
008 - FIXED-LENGTH DATA ELEMENTS--GENERAL INFORMATION
fixed length control field 031017s1961 ai r 000 0 arm d
040 ## - CATALOGING SOURCE
Original cataloging agency AM-YeHGA
041 0# - LANGUAGE CODE
Language code of text/sound track or separate title arm
090 ## - LOCALLY ASSIGNED LC-TYPE CALL NUMBER (OCLC); LOCAL CALL NUMBER (RLIN)
-- 100511
100 1# - MAIN ENTRY--PERSONAL NAME
Personal name Սեկոյան, Անահիտ Վաղարշակի,
Dates associated with a name 1922-1994
9 (RLIN) 2336
245 10 - TITLE STATEMENT
Title Առատության ճանապարհին :
Remainder of title [Շամշադինի շրջ. Այգեձորի կոլտնտ. նախագահ Գ. Միրզոյանի մասին։ Ակնարկ] /
Statement of responsibility, etc. Ա. Սեկոյան.
260 ## - PUBLICATION, DISTRIBUTION, ETC.
Place of publication, distribution, etc. Երևան :
Name of publisher, distributor, etc. Հայպետհրատ,
Date of publication, distribution, etc. 1961.
300 ## - PHYSICAL DESCRIPTION
Extent 34 էջ ;
Dimensions 19 սմ.
440 #0 - SERIES STATEMENT/ADDED ENTRY--TITLE
Title Մեր փարոսները
600 14 - SUBJECT ADDED ENTRY--PERSONAL NAME
Personal name Միրզոյան, Գարեգին
9 (RLIN) 3771
650 14 - SUBJECT ADDED ENTRY--TOPICAL TERM
Topical term or geographic name entry element Հայ գրականություն - ակնարկ
Holdings
Withdrawn status Lost status Damaged status Not for loan Collection Home library Current library Date acquired Total checkouts Full call number Barcode Date last seen Cost, replacement price Price effective from Koha item type Public note
        General Fundamental Scientific Library Fundamental Scientific Library 22/12/2016   AI/1500 FL0034822 22/12/2016 2.00 22/12/2016 Գրքեր / Books 30 Days Loan
        General Fundamental Scientific Library Fundamental Scientific Library 22/12/2016   AI/1501 FL0034823 22/12/2016 2.00 22/12/2016 Գրքեր / Books 30 Days Loan


ՀՀ ԳԱԱ հիմնարար գիտական գրադարան
ՀՀ,Երևան 0019
Մարշալ Բաղրամյան 24/6
հեռախոս:(374-10) 52-47-50
Հետադարձ կապ

All site content, except where otherwise noted, is licensed under a
Creative Commons License